[Event "TCh-FRA Top 16 GpB"]
[Site "Chalons en Champagne FRA"]
[Date "2007.02.11"]
[Round "3"]
[White "Komarov,D"]
[Black "Prie,E"]
[Result "0-1"]
[WhiteElo "2540"]
[BlackElo "2516"]

1.c4 c6 2.Nf3 d5 3.e3 Nf6 4.Nc3 a6 5.Qc2 b5 6.b3 Bg4 7.Ne5 Be6 8.Bb2 Qc7
9.cxd5 cxd5 10.Rc1 Nbd7 11.Bxb5 axb5 12.Nxb5 Qxc2 13.Rxc2 Nxe5 14.Nc7+ Kd8
15.Nxa8 Nd3+ 16.Ke2 Nxb2 17.Rxb2 Bc8 18.b4 Bb7 19.Nb6 e5 20.a4 Nd7 21.Nxd7 Kxd7
22.a5 d4 23.Ra1 Bxg2 24.f3 e4 25.fxe4 Bxe4 26.d3 Bg6 27.a6 Be7 28.a7 Ra8
29.exd4 Kc7 30.Rc2+ Kb6 31.d5 Bd8 32.d6 Bf5 33.Rc5 Bg4+ 34.Kd2 Bd7 35.Rf1 f5
36.Rg1 g6 37.h4 Rxa7 38.h5 g5 39.Ke3 Kb7 40.Kd4 h6 41.Ke5 Ra2 42.Re1 f4 43.Ke4 Bc6+
44.Kf5 f3 45.Rec1 Bd7+ 46.Kg6 f2 47.Kxh6 g4 48.Kg7 g3  0-1

[Event "14th Belisce Metalis Open"]
[Site "Bizovac CRO"]
[Date "2007.02.23"]
[Round "4"]
[White "Stupar,S"]
[Black "Pataki,G"]
[Result "1-0"]
[WhiteElo "2129"]
[BlackElo "2370"]

1.c4 c6 2.Nc3 d5 3.cxd5 cxd5 4.d4 Nc6 5.Nf3 Nf6 6.g3 Bf5 7.Bg2 e6 8.O-O Be7
9.Qb3 a6 10.Bf4 Na5 11.Qd1 O-O 12.Ne5 b5 13.f3 h6 14.Rc1 Rc8 15.e4 Bh7 16.Qd3 Qb6
17.Be3 Rfd8 18.Bf2 Qb8 19.Qe2 Qb7 20.a3 Nb3 21.Rcd1 Na5 22.exd5 Nxd5 23.Nxd5 exd5
24.f4 Rc2 25.Qh5 Bf8 26.b4 Nc4 27.Nd3 Qc6 28.f5 Nd2 29.Rxd2 Rxd2 30.Qxf7+ Kxf7
31.Ne5+ Kg8 32.Nxc6 Rd6 33.Be3 Rc2 34.Ne5 Be7 35.g4 Bg5 36.Bxg5 hxg5 37.Nf3 g6
38.Nxg5 gxf5 39.gxf5 Rc8 40.f6 Rf8 41.f7+ Kg7 42.Bxd5 Bd3 43.Rf3 Bc4 44.Bxc4 bxc4
45.d5 Kg6 46.Rg3 Kh5 47.Ne4 Rg6 48.Kf2 Rxf7+ 49.Ke3 Rxg3+ 50.hxg3  1-0

[Event "Meurthe et Moselle IM"]
[Site "Nancy FRA"]
[Date "2007.02.25"]
[Round "9"]
[White "Stark,L"]
[Black "Dovzik,J"]
[Result "0-1"]
[WhiteElo "2424"]
[BlackElo "2421"]

1.c4 c6 2.g3 d5 3.Bg2 Nf6 4.Nf3 dxc4 5.Qc2 Be6 6.Ng5 Bd5 7.e4 h6 8.Nh3 Be6
9.Nf4 Bc8 10.Qxc4 e5 11.Nd3 Bd6 12.Qc3 O-O 13.O-O Re8 14.a4 c5 15.Na3 Nc6
16.Nc4 Nd4 17.Kh1 b6 18.f4 exf4 19.Nxd6 f3 20.Rxf3 Qxd6 21.e5 Qd7 22.exf6 Bb7
23.Re3 Bxg2+ 24.Kxg2 Qd5+ 25.Kh3 Rxe3 26.dxe3 Qh5+ 27.Kg2 Qf3+ 28.Kh3 Qf1+
29.Kh4 g5+  0-1

[Event "X Malaga Open"]
[Site "Campillos ESP"]
[Date "2007.02.26"]
[Round "4"]
[White "Matamoros Franco,C"]
[Black "Dias,P"]
[Result "1-0"]
[WhiteElo "2540"]
[BlackElo "2425"]

1.c4 c6 2.e4 d5 3.exd5 cxd5 4.cxd5 Nf6 5.Nc3 Nxd5 6.Nf3 Nc6 7.Bb5 e6 8.O-O Be7
9.d4 O-O 10.Re1 Qd6 11.a3 Rd8 12.Bd3 Nf6 13.Be3 b6 14.Qc2 Bb7 15.Rad1 Rac8
16.d5 Nxd5 17.Nxd5 exd5 18.Bxh7+ Kf8 19.Qf5 d4 20.Bf4 Qf6 21.Qg4 g6 22.Bh6+ Ke8
23.Bg5 Qd6 24.h4 Qd7 25.Qg3 Qd6 26.Ne5 Rc7 27.Bf4 Qd5 28.Nxf7 d3 29.Bxg6  1-0

[Event "TCh-AUT 2006-7"]
[Site "Mattersburg AUT"]
[Date "2007.03.09"]
[Round "9"]
[White "Horvath,Jo1"]
[Black "Teske,H"]
[Result "1/2-1/2"]
[WhiteElo "2539"]
[BlackElo "2524"]

1.c4 c6 2.Nf3 d5 3.e3 Nf6 4.Nc3 g6 5.d4 Bg7 6.Be2 O-O 7.O-O Bg4 8.cxd5 Nxd5
9.Qb3 Nb6 10.Rd1 Na6 11.h3 Be6 12.Qc2 Nb4 13.Qb1 Bc4 14.Bxc4 Nxc4 15.e4 Qb6
16.a3 Na6 17.Qa2 Nd6 18.Be3 Nb5 19.Ne2 Rad8 20.Rac1 Nac7 21.Qb3 Nd6 22.Qc2 Qa6
23.Nc3 Ncb5 24.Na2 Rc8 25.Nb4 Qa5 26.Qb1 Qa4  1/2-1/2

[Event "I Open"]
[Site "La Laguna ESP"]
[Date "2007.03.10"]
[Round "7"]
[White "Mchedlishvili,M"]
[Black "Zambrana,O"]
[Result "1-0"]
[WhiteElo "2583"]
[BlackElo "2495"]

1.c4 c6 2.e4 d5 3.exd5 cxd5 4.d4 Nf6 5.Nc3 e6 6.Nf3 Nc6 7.c5 Ne4 8.Qc2 Qa5
9.a3 e5 10.b4 Qd8 11.Nxe4 dxe4 12.Qxe4 f5 13.Qe3 e4 14.Bb5 Be7 15.Ne5 Bd7
16.Nxd7 Qxd7 17.Bb2 Bf6 18.O-O-O Qd5 19.Qc3 O-O-O 20.Bc4 Qd7 21.Bb3 Qc7 22.d5 Qf4+
23.Qe3 Qxe3+ 24.fxe3 Ne5 25.Bc2 Rhe8 26.d6 Bg5 27.Rd5 Nd3+ 28.Bxd3 exd3 29.Rxd3 Bxe3+
30.Kd1 Bh6 31.Rf1 f4 32.Re1 Kd7 33.Rd5 Rxe1+ 34.Kxe1 Re8+ 35.Kf2 g6 36.Re5 Rxe5
37.Bxe5 f3 38.Kxf3 Bc1 39.a4 Ba3 40.Bc3 a5 41.b5 Bxc5 42.Bxa5 Kxd6 43.Ke4 Bg1
44.Bb4+ Bc5 45.Bxc5+ Kxc5 46.Ke5 Kb4 47.Kd6 Kxa4 48.b6  1-0

[Event "TCh-NOR 2006-7"]
[Site "Oslo NOR"]
[Date "2007.03.10"]
[Round "8"]
[White "Johansen,P"]
[Black "Berntsen,S"]
[Result "1-0"]
[WhiteElo "2108"]
[BlackElo "2183"]

1.c4 c6 2.g3 d5 3.cxd5 cxd5 4.Bg2 Nf6 5.Nf3 e6 6.O-O Bd6 7.Nc3 Nc6 8.d4 h6
9.a3 a5 10.Re1 O-O 11.e4 dxe4 12.Nxe4 Be7 13.Nxf6+ Bxf6 14.Be3 Ne7 15.g4 Nd5
16.Bd2 Qb6 17.Bc3 g6 18.Qd2 Bg7 19.Ne5 Rd8 20.g5 h5 21.Nc4 Qb5 22.Bf1 a4
23.Rac1 Nxc3 24.bxc3 Qf5 25.Bg2 Ra6 26.Qe3 Qb5 27.Nd2 Rb6 28.Rb1 Qa6 29.Ne4 Kh7
30.Nc5 Qa7 31.Be4 Rxb1 32.Rxb1 b6 33.Nd3 Bb7 34.f3 Bxe4 35.fxe4 Qe7 36.Nb4 Rc8
37.Rf1 Qc7 38.Rf3 Qd7 39.Kg2 Kg8  1-0

[Event "TCh-BEL 2006-7"]
[Site "Belgium BEL"]
[Date "2007.03.11"]
[Round "10"]
[White "Claesen,P"]
[Black "Boidman,Y"]
[Result "1/2-1/2"]
[WhiteElo "2393"]
[BlackElo "2435"]

1.c4 c6 2.d4 d5 3.Nf3 Nf6 4.Qc2 g6 5.Bf4 dxc4 6.Qxc4 Bg7 7.Nc3 Qa5 8.Bd2 Nbd7
9.e4 e5 10.d5 O-O 11.dxc6 bxc6 12.Na4 Qc7 13.Qc2 c5 14.Bd3 Bb7 15.O-O c4
16.Bxc4 Nb6 17.Nxb6 axb6 18.Rfe1 Rfc8 19.Rac1 b5 20.Bd3 Qxc2 21.Rxc2 Rxc2
22.Bxc2 Rxa2 23.Bc3 b4 24.Bxe5 Nd7 25.Bb3 Ra5 26.Bc7 Ra7 27.Bd6 Ra5 28.e5 Bxf3
29.e6 fxe6 30.Bxe6+ Kh8 31.gxf3 Ne5 32.Kg2 Nd3 33.Re3 Nc5 34.Bc4 Bxb2 35.Re8+ Kg7
36.Rg8+ Kh6 37.Rc8 Bd4 38.Rc7 g5  1/2-1/2

[Event "TCh-NOR 2006-7"]
[Site "Oslo NOR"]
[Date "2007.03.11"]
[Round "9"]
[White "Bern,I"]
[Black "Sahl,Bj"]
[Result "0-1"]
[WhiteElo "2345"]
[BlackElo "2381"]

1.c4 c6 2.Nf3 d5 3.e3 Nf6 4.b3 g6 5.Bb2 Bg7 6.Be2 O-O 7.O-O a5 8.d4 Ne4 9.Nfd2 Nd6
10.cxd5 cxd5 11.Nc3 e6 12.a4 Nc6 13.Ba3 Nb4 14.Na2 Qb6 15.Bxb4 axb4 16.Nf3 Ne4
17.Qe1 g5 18.Bd3 g4 19.Bxe4 dxe4 20.Nd2 e5 21.Nc4 Qe6 22.d5 Qh6 23.Qxb4 Ra6
24.Rfd1 Rf6 25.Nd2 g3 26.hxg3 Rf5 27.g4 Rg5 28.Nf1 Bxg4 29.Qxe4 f5 30.Qc4 f4
31.d6+ Be6 32.Qe4 Rh5 33.f3 Rh1+ 34.Kf2 Qh4+ 35.Ke2 Rg1 36.g3 Qh3 37.g4 Qg2+
38.Kd3 Rd8  0-1

[Event "ch-SRB"]
[Site "Vrsac SRB"]
[Date "2007.03.11"]
[Round "7"]
[White "Damljanovic,B"]
[Black "Savic,Miod1"]
[Result "1-0"]
[WhiteElo "2590"]
[BlackElo "2533"]

1.c4 c6 2.e4 e5 3.d4 d6 4.Nc3 Be7 5.Nf3 Bg4 6.Be3 Nd7 7.Be2 Bxf3 8.Bxf3 Bg5
9.Bxg5 Qxg5 10.d5 Qg6 11.Qd2 c5 12.Nb5 Ke7 13.h4 a6 14.Nc3 h5 15.a4 Ngf6
16.g3 Qh6 17.Qxh6 Rxh6 18.a5 Rhh8 19.Kd2 Rhb8 20.Ra3 g6 21.Rha1 Ne8 22.Bg2 Nc7
23.Bh3 b5 24.axb6 Rxb6 25.b3 Rab8 26.Kc2 Rg8 27.f4 f6 28.Rf1 Rg7 29.Raa1 Rb8
30.Rf2 Nf8 31.Nd1 Nh7 32.Nb2 Rgg8 33.Nd3 Rgf8 34.Kc3 Rb6 35.b4 cxb4+ 36.Nxb4 exf4
37.gxf4 Kf7 38.Nc6 Kg7 39.Rg1 Kf7 40.e5 Re8 41.e6+ Kg7 42.Bf5 Ng5 43.fxg5 gxf5
44.Rxf5 Nxe6 45.gxf6+  1-0

[Event "Bundesliga 2006-7"]
[Site "Bindlach GER"]
[Date "2007.03.17"]
[Round "12"]
[White "Bischoff,K"]
[Black "Dautov,R"]
[Result "1/2-1/2"]
[WhiteElo "2532"]
[BlackElo "2582"]

1.c4 c6 2.d4 d5 3.e3 Nf6 4.Nc3 a6 5.Qc2 g6 6.Bd3 Bg7 7.Nf3 O-O 8.O-O Bg4
9.Ne5 Be6 10.c5 Nbd7 11.Nxd7 Qxd7 12.Bd2 Bf5 13.Bxf5 gxf5 14.f3 Kh8 15.Ne2 Nh5
16.Rf2 Rg8 17.Nc1 e6 18.Nd3 Qe7 19.Re2 Bh6 20.Rf1 Rg7 21.Qc1 Rag8 22.Qe1 Bg5
23.Qd1 Bh6 24.Qe1 Bg5 25.Qd1 Qc7 26.Qc1 Bh4 27.Be1 Bg5 28.Bd2 Bh4 29.Be1 Bg5  1/2-1/2

[Event "Bundesliga 2006-7"]
[Site "Muelheim GER"]
[Date "2007.03.17"]
[Round "12"]
[White "Schebler,G"]
[Black "Boensch,U"]
[Result "1/2-1/2"]
[WhiteElo "2534"]
[BlackElo "2523"]

1.c4 c6 2.d4 d5 3.cxd5 cxd5 4.Nc3 Nc6 5.Bf4 Nf6 6.e3 e6 7.Bd3 Be7 8.Rc1 O-O
9.Nf3 b6 10.Ne5 Nxe5 11.Bxe5 Ne8 12.Qh5 g6 13.Qf3 Bd6 14.Bg3 a6 15.h4 Bxg3
16.Qxg3 Qd6 17.Qxd6 Nxd6 18.Na4 Rb8 19.Rc6 Nc4 20.Bxc4 dxc4 21.Rd6 Bb7 22.f3 Rfc8
23.Kd2 Bc6 24.Nc3 Kf8 25.e4 Ke7 26.e5 f5 27.Ke3 b5 28.d5 exd5 29.Rd1 b4 30.Nxd5+ Bxd5
31.R6xd5 Rc7 32.Rc1 Rb5 33.Kd4 Rxd5+ 34.Kxd5 Rd7+ 35.Kc5 Rd2 36.Rxc4 Rxb2
37.Rxb4 Rxa2 38.g4 fxg4 39.fxg4 Ke6 40.Kd4 Rd2+ 41.Ke4 Re2+ 42.Kf4 Rf2+ 43.Kg5 Kxe5
44.Ra4 Rf7 45.Rxa6 Rb7 46.Ra8 Ke6 47.Ra4 Ke5 48.Kh6 Rc7 49.Kg5 Rb7 50.Ra1 Ke6
51.Rf1 Rb4 52.h5 gxh5 53.gxh5 Rb5+ 54.Kh6 Rb7 55.Rf6+  1/2-1/2

[Event "60th ch-RUS sf Urals"]
[Site "Nizhnij Tagil RUS"]
[Date "2007.03.18"]
[Round "5"]
[White "Obukhov,A"]
[Black "Demin,V1"]
[Result "1/2-1/2"]
[WhiteElo "2445"]
[BlackElo "2441"]

1.c4 c6 2.e4 d5 3.exd5 cxd5 4.d4 Nf6 5.Nc3 e6 6.Nf3 Nc6 7.a3 dxc4 8.Bxc4 Be7
9.O-O O-O 10.Bf4 b6 11.Rc1 Bb7 12.Ba2 Rc8 13.Re1 Re8 14.Qd3 h6 15.Rcd1 Bf8
16.Ne5 Nh5 17.Bb1 f5 18.Bc1 Nxe5 19.dxe5 Qh4 20.Qd4 f4 21.Ne4 Bc5 22.Nxc5 bxc5
23.Qd3 Bd5 24.Qh7+ Kf8 25.Be4 Rcd8 26.Bxd5 exd5 27.Qf5+ Kg8 28.g3 fxg3 29.fxg3 Nxg3
30.Qf2 Qh5 31.Qxg3 Re6 32.Kh1 Rg6 33.Qe3 Rf8 34.Rg1 d4 35.Qe4 Rf2 36.Bf4 Rg4
37.Qd5+ Kh8  1/2-1/2

[Event "Vladimir Zak mem"]
[Site "St Petersburg RUS"]
[Date "2007.03.29"]
[Round "6"]
[White "Gorjunov,S2"]
[Black "Timofeev,An"]
[Result "0-1"]
[WhiteElo "2102"]
[BlackElo "2335"]

1.c4 c6 2.e4 d5 3.exd5 cxd5 4.cxd5 Nf6 5.Bb5+ Nbd7 6.Nc3 a6 7.Be2 Nb6 8.Bf3 Nbxd5
9.Nge2 e6 10.O-O Be7 11.d4 O-O 12.Nf4 Nxc3 13.bxc3 Qc7 14.Qd3 Bd7 15.Re1 Bd6
16.g3 Rac8 17.Bd2 Bb5 18.Qe3 Bc4 19.Nh5 Nxh5 20.Bxh5 Ba3 21.Bd1 b5 22.Bb3 Rfd8
23.Qe4 Qc6 24.Qg4 g6 25.Qf4 Rd5 26.Bc2 Rd7 27.Re5 Bd5 28.Rae1 Bf8 29.h4 b4
30.h5 bxc3 31.Bc1 Bh1 32.Be4 Bxe4 33.R5xe4 Qd5 34.hxg6 hxg6 35.Qh4 Rc4 36.Bg5 Bg7
37.Bh6 c2 38.Bxg7 Kxg7 39.Rc1 e5 40.f3 f5 41.dxe5 fxe4 42.Qf6+ Kh7 43.e6 Qd4+
44.Qxd4 Rdxd4  0-1

[Event "Bundesliga 2006-7"]
[Site "Eppingen GER"]
[Date "2007.04.01"]
[Round "15"]
[White "Bezold,M"]
[Black "Kindermann,S"]
[Result "0-1"]
[WhiteElo "2534"]
[BlackElo "2532"]

1.c4 c6 2.Nc3 d5 3.e3 Nf6 4.Nf3 a6 5.Qb3 e6 6.a4 c5 7.d4 Nc6 8.Ne5 Bd6 9.Nxc6 bxc6
10.Be2 O-O 11.O-O e5 12.dxc5 Bxc5 13.Rd1 Be6 14.a5 Bd6 15.Qa4 Qc7 16.b3 d4
17.exd4 exd4 18.Rxd4 Bxh2+ 19.Kh1 Be5 20.Be3 Bxd4 21.Bxd4 Ng4 22.Bxg4 Bxg4
23.Ne4 Rfe8 24.Ng3 Qf4 25.c5 h5 26.Be3 Qxa4 27.Rxa4 Rab8 28.Ne4 Rxb3 29.Nd6 Reb8
30.Re4 Be6 31.Re5 h4 32.Kh2 Ra3 33.Re4 Rxa5 34.Rxh4 Ra2 35.Rh5 a5 36.Rg5 f6
37.Rg3 Rb4 38.f4 Kf8 39.Bc1 Rc2 40.Re3 Bd7 41.Ba3 Rxf4 42.Rb3 Rg4 43.Bc1  0-1

[Event "Bundesliga 2006-7"]
[Site "Remagen GER"]
[Date "2007.04.01"]
[Round "15"]
[White "Dinstuhl,V"]
[Black "Boidman,Y"]
[Result "0-1"]
[WhiteElo "2426"]
[BlackElo "2435"]

1.c4 c6 2.Nf3 d5 3.e3 Nf6 4.d4 e6 5.Nbd2 c5 6.cxd5 exd5 7.Be2 Nc6 8.dxc5 Bxc5
9.O-O O-O 10.Nb3 Bb6 11.Bd2 Ne4 12.Rc1 Re8 13.Nfd4 Nxd4 14.exd4 Qd6 15.g3 Bh3
16.Re1 a5 17.Bb5 Re6 18.Bf4 Qxf4  0-1

[Event "8th ch-Euro"]
[Site "Dresden GER"]
[Date "2007.04.03"]
[Round "1"]
[White "Cvitan,O"]
[Black "Wilke,W"]
[Result "1-0"]
[WhiteElo "2536"]
[BlackElo "2245"]

1.c4 c6 2.e4 e5 3.Nf3 d6 4.d4 Bg4 5.Be2 Nd7 6.Nc3 Ne7 7.h3 Bxf3 8.Bxf3 Ng6
9.g3 Be7 10.d5 O-O 11.h4 Re8 12.Be3 Nb6 13.b3 Bf8 14.Rc1 Ne7 15.Bg4 g6 16.h5 f5
17.Bh3 Bg7 18.hxg6 hxg6 19.Bg5 Rf8 20.Rc2 Bf6 21.Be3 cxd5 22.cxd5 Rc8 23.Qd3 Qd7
24.a4 Rc7 25.Nb5 Rxc2 26.Qxc2 Rc8 27.Qd2 a6 28.Na7 Nc4 29.bxc4 Rxc4 30.exf5 Qxa4
31.fxg6 Rc2 32.Be6+ Kg7 33.Qd1 Qb4+ 34.Kf1 Rb2 35.Bh6+  1-0

[Event "ch-DEN"]
[Site "Aalborg DEN"]
[Date "2007.04.04"]
[Round "5"]
[White "Jacobsen,B"]
[Black "Brautsch,S"]
[Result "1-0"]
[WhiteElo "2301"]
[BlackElo "2295"]

1.c4 c6 2.Nf3 d5 3.g3 Nf6 4.Bg2 Bg4 5.b3 Bxf3 6.Bxf3 e5 7.O-O Bd6 8.Bg2 O-O
9.Na3 Qe7 10.Nc2 d4 11.d3 c5 12.Re1 Nc6 13.e3 dxe3 14.Bxe3 h6 15.Qf3 Rfd8
16.d4 cxd4 17.Bxd4 Bb4 18.Bc3 Bxc3 19.Qxc3 e4 20.Re3 Qe5 21.Qxe5 Nxe5 22.Bxe4 Neg4
23.Re2 Nxe4 24.Rxe4 Rd2 25.Rxg4 Rxc2 26.Rd1 Re8 27.Rf4 Re7 28.a4 Rc3 29.Rb1 Re2
30.Kg2 Rcc2 31.Rf3 g6 32.g4 Kf8 33.Rd1 Re7 34.Rd8+ Kg7 35.Rd5 a6 36.Rd6 Rb2
37.Rb6 Rd7 38.h3 Rc7 39.Rc3 Re7 40.Kg3 Rd7 41.a5 Kf8 42.b4 Kg7 43.c5 Kf8
44.Rc4 Rd3+ 45.Kg2 Rdd2 46.Rf4 Rd7 47.h4 Rc2 48.Rxg6  1-0

[Event "8th ch-Euro w"]
[Site "Dresden GER"]
[Date "2007.04.04"]
[Round "2"]
[White "Norinkeviciute,R"]
[Black "Leite,C"]
[Result "0-1"]
[WhiteElo "2094"]
[BlackElo "2218"]

1.c4 c6 2.g3 Nf6 3.Bg2 e5 4.d4 d6 5.Nc3 Nbd7 6.e4 g6 7.Nge2 Bg7 8.O-O O-O
9.h3 a6 10.a4 Rb8 11.a5 exd4 12.Nxd4 Ne5 13.b3 c5 14.Nde2 Nc6 15.Bf4 Ne8
16.Ra2 Be6 17.Qd2 Nxa5 18.Rb1 Nc6 19.Rd1 Qc8 20.Kh2 b5 21.Nd5 Bxd5 22.exd5 Nb4
23.Ra3 Qd7 24.Nc1 Nc7 25.Nd3 bxc4 26.bxc4 Nxd3 27.Qxd3 Rb2 28.Rd2 Rfb8 29.h4 Rxd2
30.Bxd2 Be5 31.Bh3 Qe7 32.Bg5 Bf6 33.Be3 h5 34.Ra2 Rb6 35.Bd2 Bd4 36.Bg5 Bf6
37.Be3 Kg7 38.Bd2 Rb2 39.Rxb2 Bxb2 40.Be3 Qf6 41.Qe2 a5 42.Bd7 Qe5 43.Qc2 Bd4
44.Bf4 Qe7 45.Bc6 Na6 46.Ba4 Nb4 47.Qd2 Qf6 48.Kg2 Be5 49.Bh6+ Kh7 50.Bg5 Qf5
51.Qe2 Kg7 52.Bd8 Nd3 53.Bxa5 Bd4 54.Bc2 Qxf2+ 55.Qxf2 Nxf2  0-1

[Event "LIII Mexican Open"]
[Site "Aguascalientes MEX"]
[Date "2007.04.05"]
[Round "3"]
[White "Palma Almendra,J"]
[Black "Perez,Rod"]
[Result "1/2-1/2"]
[WhiteElo "2214"]
[BlackElo "2395"]

1.c4 c6 2.e4 d5 3.exd5 Nf6 4.Nf3 cxd5 5.d4 e6 6.Nc3 Be7 7.Bd3 dxc4 8.Bxc4 O-O
9.O-O Nc6 10.Bf4 a6 11.Re1 b5 12.Bb3 Nb4 13.Qe2 Bb7 14.Rad1 Nbd5 15.Nxd5 Bxd5
16.Bxd5 Qxd5 17.a3 Rac8 18.Rc1 Qa2 19.Rxc8 Rxc8 20.Ne5 Nd5 21.Bg3 Nf6 22.h3 Qb3
23.Qf3 Qxf3 24.Nxf3 Rc2 25.Rb1 Ne4 26.Bf4 h6 27.Be3 Bf6 28.Ne1 Re2 29.Nd3 Nd2
30.Rc1 g5 31.Rc6 Nc4 32.Kf1 Rc2 33.Rxa6 Nxe3+ 34.fxe3 Rd2 35.Nc5 Rxb2 36.d5 Kg7
37.dxe6 Be7 38.Nd3 Rb3 39.Ne5 Rxe3 40.Nxf7 Bxa3 41.Rb6 Be7 42.Rxb5 Rxe6 43.Ne5  1/2-1/2

[Event "18th Pobeskydi Chance Cup"]
[Site "Frydek Mistek CZE"]
[Date "2007.04.05"]
[Round "2"]
[White "Daniel,Ji"]
[Black "Tvarijonas,P"]
[Result "0-1"]
[WhiteElo "2055"]
[BlackElo "2221"]

1.c4 c6 2.Nc3 d5 3.e3 g6 4.Nf3 Bg7 5.cxd5 cxd5 6.Bb5+ Nc6 7.Qa4 Qd6 8.d4 Nf6
9.Ne5 Bd7 10.b3 Nxe5 11.dxe5 Qxe5 12.Bb2 Qf5 13.O-O O-O 14.Rac1 Rfd8 15.Ne2 a6
16.Bxd7 Rxd7 17.Bxf6 Bxf6 18.Nd4 Bxd4 19.Qxd4 Rad8 20.Rfd1 e5 21.Qb6 d4 22.exd4 exd4
23.Rc7 Qe4 24.Rxd7 Rxd7 25.Qb4 Rd8 26.Qc4 b5 27.Qd3 Qxd3 28.Rxd3 Rc8 29.Kf1 Rc2
30.a3 Ra2 31.b4 Kg7 32.Rxd4 Rxa3 33.Ke2 Kf6 34.f4 h5 35.Kf2 Ke6 36.Ke2 Ra4
37.Ke3 f5 38.g3 Ra3+ 39.Kd2 Ra2+ 40.Ke3 Rxh2 41.Rd8 Rb2 42.Ra8 Rxb4 43.Rxa6+ Kf7
44.Kf2 h4 45.Rb6 Rb2+ 46.Kf3 hxg3 47.Kxg3 Kg7  0-1

[Event "II Elo Fide Universidad San Marcos"]
[Site "Lima PER"]
[Date "2007.04.05"]
[Round "5"]
[White "Retamozo,H"]
[Black "Alvarado,L"]
[Result "1-0"]
[WhiteElo "2263"]
[BlackElo "1972"]

1.c4 c6 2.Nf3 Nf6 3.b3 d5 4.Bb2 e6 5.e3 Nbd7 6.Be2 Be7 7.O-O O-O 8.d3 b5
9.Nd4 Qb6 10.cxd5 cxd5 11.Nc3 a6 12.a4 b4 13.a5 Qd6 14.Na4 Bb7 15.g3 Bd8
16.Nf3 Bxa5 17.d4 Bd8 18.Ne5 Be7 19.Bd3 Rac8 20.Qe2 a5 21.g4 Rc7 22.g5 Ne8
23.f4 g6 24.Bb5 Nxe5 25.dxe5 Qd8 26.Bd4 Qb8 27.Nb6 Bc6 28.Bxc6 Rxc6 29.Nd7 Qc7
30.Nxf8 Bxf8 31.Qb5 a4 32.Qxa4 Ng7 33.Qa7 Qd8 34.Qb7 Rc8 35.Rfc1 Rxc1+ 36.Rxc1 Qa5
37.Qb8  1-0

[Event "8th ch-Euro w"]
[Site "Dresden GER"]
[Date "2007.04.07"]
[Round "5"]
[White "Muzychuk,A"]
[Black "Ovod,E"]
[Result "1/2-1/2"]
[WhiteElo "2475"]
[BlackElo "2410"]

1.c4 c6 2.d4 d5 3.Nf3 e6 4.e3 Nf6 5.Bd3 Nbd7 6.O-O Bd6 7.Qc2 e5 8.cxd5 Nxd5
9.a3 exd4 10.exd4 N7f6 11.Re1+ Be6 12.Ng5 Qc7 13.Bf5 O-O 14.Bxh7+ Kh8 15.g3 Rae8
16.Bd2 c5 17.Nc3 cxd4 18.Nb5 Qxc2 19.Bxc2 Bc5 20.Ne4 Bb6 21.Nxf6 Nxf6 22.Bb4 Rc8
23.Bd3 Rfd8 24.Nd6 Rc7 25.Ne4 Nxe4 26.Rxe4 g5 27.Rae1 Kg7 28.Re5 Rd5 29.Bd2 Rxe5
30.Rxe5 g4 31.Kf1 Kf6 32.Bf4 Rc8 33.Rh5 Ke7 34.Ke2 Rf8 35.Kd2 f5 36.Rh6 a6
37.Bc4 Bxc4 38.Bd6+ Kf7 39.Bxf8 Bd8 40.Bd6 Bg5+ 41.Bf4 Bxh6 42.Bxh6 Ke6 43.Bg7 Kd5
44.Bf6 Ke4 45.Bg7 a5 46.Bf6 a4 47.Bg7  1/2-1/2

[Event "18th Pobeskydi Chance Cup"]
[Site "Frydek Mistek CZE"]
[Date "2007.04.07"]
[Round "6"]
[White "Hudziak,P"]
[Black "Jakubek,P"]
[Result "1/2-1/2"]
[WhiteElo "2201"]
[BlackElo "2188"]

1.c4 c6 2.d4 d5 3.Nf3 Nf6 4.g3 g6 5.Bg2 Bg7 6.O-O O-O 7.Nc3 a6 8.Qb3 e6 9.Bf4 Nbd7
10.c5 Ne4 11.Nxe4 dxe4 12.Nd2 Bxd4 13.Nxe4 Nxc5 14.Nxc5 Bxc5 15.Be5 f6  1/2-1/2

[Event "8th ch-Euro"]
[Site "Dresden GER"]
[Date "2007.04.08"]
[Round "6"]
[White "Tkachiev,V"]
[Black "Potkin,V"]
[Result "1-0"]
[WhiteElo "2649"]
[BlackElo "2580"]

1.c4 c6 2.e4 d5 3.exd5 cxd5 4.d4 Nf6 5.Nc3 e6 6.Nf3 Bb4 7.cxd5 Nxd5 8.Qc2 Nc6
9.Bd3 Ba5 10.a3 Nxc3 11.bxc3 Nxd4 12.Nxd4 Qxd4 13.Bb5+ Bd7 14.O-O Qd5 15.c4 Qf5
16.Bxd7+ Kxd7 17.Qb3 b6 18.Rd1+ Ke7 19.a4 Rhd8 20.Ba3+ Kf6 21.Bd6 g5 22.Qb2+ Kg6
23.Ra3 g4 24.h3 h5 25.Rg3 f6 26.hxg4 hxg4 27.Rd4 Kf7 28.c5 Rg8 29.Rf4 Qg6
30.Rgxg4 Qh6 31.Qb5 Rad8 32.Qc6  1-0

[Event "XXXIV Open"]
[Site "La Roda ESP"]
[Date "2007.04.08"]
[Round "9"]
[White "Saldano,H"]
[Black "Velicka,P"]
[Result "1/2-1/2"]
[WhiteElo "2422"]
[BlackElo "2504"]

1.c4 c6 2.d4 d5 3.cxd5 cxd5 4.Nc3 Nf6 5.Nf3 Nc6 6.Bf4 a6 7.e3 Bg4 8.Be2 e6
9.Ne5 Bxe2 10.Qxe2 Nxe5 11.Bxe5  1/2-1/2

[Event "8th ch-Euro"]
[Site "Dresden GER"]
[Date "2007.04.09"]
[Round "7"]
[White "Markowski,T"]
[Black "Porper,E"]
[Result "1-0"]
[WhiteElo "2584"]
[BlackElo "2492"]

1.c4 c6 2.Nf3 d5 3.e3 Nf6 4.Qc2 e6 5.b3 Nbd7 6.Bb2 Bd6 7.Nc3 O-O 8.Be2 b6
9.O-O Bb7 10.Rac1 Rc8 11.d4 c5 12.Nb5 Bb8 13.dxc5 Nxc5 14.Rfd1 Nce4 15.Nc3 Qe7
16.Nxe4 dxe4 17.Nd2 Rfd8 18.g3 e5 19.Nb1 Nd5 20.Ba3 Qg5 21.h4 Qg6 22.Qd2 f5
23.cxd5 f4 24.Qe1 Rxc1 25.Rxc1 h6 26.Nc3 a6 27.Bf1 b5 28.Bg2 f3 29.Bh3 Ba7
30.Be7 Bc8 31.Bf1 Re8 32.d6 Be6 33.Qd2 Kh8 34.Nd1 Bb6 35.Rc6 Bd8 36.Bxd8 Rxd8
37.Rxa6 Qf5 38.Qa5 Rg8 39.Ra8 Bc8 40.Qc7 h5 41.d7 Bxd7 42.Rxg8+ Kxg8 43.Nc3  1-0

[Event "Elitzur Winter"]
[Site "Givataim ISR"]
[Date "2007.04.09"]
[Round "3"]
[White "Lerner,K"]
[Black "Porat,I"]
[Result "1-0"]
[WhiteElo "2524"]
[BlackElo "2348"]

1.c4 c6 2.e4 d5 3.exd5 cxd5 4.cxd5 Nf6 5.Qa4+ Nbd7 6.Nc3 g6 7.Bc4 Bg7 8.d3 O-O
9.Nf3 a6 10.Qa3 b6 11.O-O Bb7 12.Re1 Re8 13.Ng5 b5 14.Bb3 Nb6 15.d6 e6 16.Nge4 Nfd5
17.Nxd5 Nxd5 18.Bg5 f6 19.Bd2 a5 20.Nc5 Bc6 21.Rxe6 b4 22.Rxe8+ Qxe8 23.Bxd5+ Bxd5
24.Qa4 Qxa4 25.Nxa4 Rd8 26.a3 b3 27.Bxa5 Rxd6 28.Bc3 Ra6 29.Nc5 Rc6 30.d4 f5
31.f3 Kf7 32.Re1 Bc4 33.Nd7 Bd5 34.Kf2 Bc4 35.Re3 Bd5 36.Nc5 Bf8 37.Re5 Bxc5
38.Rxd5 Bxa3 39.Ke3 Bxb2 40.Bxb2 Rc2 41.Ba3 b2 42.Rb5 Rc3+ 43.Kf4 Rxa3 44.Rxb2 Ra5
45.Rb7+ Kf6 46.Rb6+ Kf7 47.h4 Rd5 48.Ke3 Kg7 49.Rb7+ Kf6 50.Rxh7 Ra5 51.Rc7 Ra2
52.Rc6+ Kf7 53.g3 Rg2 54.Kf4 Rd2 55.Kg5 Rd3 56.Rf6+ Ke7 57.Kxg6 Rxf3 58.Rxf5 Rxg3+
59.Rg5 Ra3 60.h5 Kf8 61.Rf5+ Kg8 62.d5 Ra6+ 63.Rf6 Ra1 64.d6 Rg1+ 65.Kf5 Rd1
66.Ke6 Kg7 67.h6+  1-0

[Event "Elitzur Winter"]
[Site "Givataim ISR"]
[Date "2007.04.10"]
[Round "4"]
[White "Cohen,O"]
[Black "Kudischewitsch,D"]
[Result "1/2-1/2"]
[WhiteElo "2221"]
[BlackElo "2336"]

1.c4 c6 2.d4 d5 3.cxd5 cxd5 4.Nc3 Nf6 5.Nf3 Nc6 6.Bf4 e6 7.e3 Be7 8.Bd3 O-O
9.Rc1 a6 10.h3 Bd7 11.O-O  1/2-1/2

[Event "8th ch-Euro w"]
[Site "Dresden GER"]
[Date "2007.04.12"]
[Round "9"]
[White "Meshcheriakova,E"]
[Black "Smokina,K"]
[Result "1-0"]
[WhiteElo "2309"]
[BlackElo "2192"]

1.c4 c6 2.e4 d5 3.cxd5 cxd5 4.exd5 Nf6 5.Nc3 Nxd5 6.Bc4 e6 7.Nf3 Be7 8.d4 O-O
9.O-O b6 10.Nxd5 exd5 11.Bd3 Ba6 12.Bf4 Bxd3 13.Qxd3 Nc6 14.Rac1 Rc8 15.Qb5 Qd7
16.Rc3 Qf5 17.Rxc6 Rxc6 18.Qxc6 Qxf4 19.Qxd5 Bf6 20.Re1 Qc7 21.Qb5 h6 22.g3 Qd6
23.Kg2 g5 24.Qf5 Rd8 25.h4 gxh4 26.gxh4 Bg7 27.Re4 Qf6 28.Qxf6 Bxf6 29.Kg3 Kg7
30.Kf4 Kg6 31.Ne5+ Kh5 32.Kf5 Bxh4 33.f3 Rd5 34.Rg4 f6 35.Ke6 Rb5 36.Nd3 f5
37.Nf4+  1-0

[Event "8th ch-Euro"]
[Site "Dresden GER"]
[Date "2007.04.12"]
[Round "9"]
[White "Ringoir,T"]
[Black "Almond,R"]
[Result "1/2-1/2"]
[WhiteElo "2199"]
[BlackElo "2088"]

1.c4 c6 2.e4 d5 3.exd5 cxd5 4.d4 e6 5.Nc3 Bb4 6.Nf3 Nf6 7.cxd5 Nxd5 8.Qc2 O-O
9.Bd3 h6 10.O-O Nc6 11.a3 Be7 12.Qe2 Nf6 13.Rd1 Qa5 14.Bf4 a6 15.Rac1 Bd7
16.Bb1 Rfd8 17.Qd3 Be8 18.Ne4 Rac8 19.Nxf6+ Bxf6 20.Qh7+ Kf8 21.d5 Rxd5 22.Bd6+ Rxd6
23.Rxd6 Bxb2 24.Rcd1 Qxa3 25.h3 Bf6 26.Be4 Qa5 27.g4 Qc5 28.h4 Qb5 29.g5 hxg5
30.hxg5 Bxg5 31.Qh8+ Ke7 32.Qxg7 Bf6 33.Qh7 Qb4 34.R6d3 Ne5 35.Nxe5 Bxe5
36.Rf3 Rc4 37.Rb1 Qa5 38.Rxb7+ Rc7 39.Rxc7+ Qxc7 40.Qh4+ Kf8 41.Kg2 a5 42.Rb3 a4
43.Rb7 Qd6 44.Qh6+ Bg7 45.Qc1 a3 46.Ra7 Bb2 47.Qh6+ Bg7 48.Qh3 Qd4 49.Qxa3+ Kg8
50.Bf3 Bf8 51.Qa2 Bb5 52.Ra8 Qg7+ 53.Kh1 Qh6+ 54.Kg1 Qg5+ 55.Kh1 Qh4+ 56.Kg2 Qg5+
57.Kh1 Qh4+ 58.Kg2  1/2-1/2

[Event "5th Arab Cities"]
[Site "Beirut LBN"]
[Date "2007.04.13"]
[Round "7"]
[White "Nader,E"]
[Black "Tahan,S"]
[Result "0-1"]
[WhiteElo "2071"]
[BlackElo "2329"]

1.c4 c6 2.Nf3 d5 3.b3 Bf5 4.g3 e6 5.Bg2 Nf6 6.O-O h6 7.Bb2 Nbd7 8.d3 Be7
9.Nbd2 O-O 10.Rc1 Bh7 11.Rc2 a5 12.a3 Ne8 13.Qa1 Bf6 14.Rfc1 Qe7 15.Bxf6 Nexf6
16.Qb2 Rfe8 17.b4 axb4 18.axb4 Ra4 19.Rb1 e5 20.cxd5 cxd5 21.Ne1 e4 22.dxe4 dxe4
23.e3 Ne5 24.Bf1 Rea8 25.b5 b6 26.Rbc1 Bf5 27.Rc7 Qd6 28.Nb3 Rb4 29.Qd2 Nd5
30.R7c3 Rd8 31.Rd1 Nxc3 32.Qxc3 Qxd1  0-1